000
00310nam a2200133Ia 4500
100
_a
Barnett/Richard/ Ocull/Larry
942
_c
BK
654
_a
embedded
245
_a
Embedded C Programming and the Atmel AVR
260
_b
Thomsan Learning
_c
2003
082
_a
3.3
_b
BAR
300
_a
495
546
_a
ENGLISH
999
_c
22264
_d
22264